CONSPIRACY THEORIES (Record no. 215954)
[ view plain ]
| 000 -LEADER | |
|---|---|
| fixed length control field | 00433nam a22001697a 4500 |
| 008 - FIXED-LENGTH DATA ELEMENTS--GENERAL INFORMATION | |
| fixed length control field | 250722b |||||||| |||| 00| 0 eng d |
| 020 ## - INTERNATIONAL STANDARD BOOK NUMBER | |
| International Standard Book Number | 978-1-78557-828-1 |
| 050 ## - LIBRARY OF CONGRESS CALL NUMBER | |
| Classification number | HV 6275 .B79 2016 |
| 100 ## - MAIN ENTRY--PERSONAL NAME | |
| Personal name | BRYAN, WILL |
| 245 ## - TITLE STATEMENT | |
| Title | CONSPIRACY THEORIES |
| 260 ## - PUBLICATION, DISTRIBUTION, ETC. | |
| Place of publication, distribution, etc. | CHINA |
| Name of publisher, distributor, etc. | IGLOO BOOKS LTD |
| Date of publication, distribution, etc. | 2019 |
| 300 ## - PHYSICAL DESCRIPTION | |
| Extent | 166P.:ILL |
| 500 ## - GENERAL NOTE | |
| General note | INCLUDES INDEX |
| 650 ## - SUBJECT ADDED ENTRY | |
| Topical term or geographic name entry element | CONSPIRACY THEORIES |
| 942 ## - ADDED ENTRY ELEMENTS (KOHA) | |
| Source of classification or shelving scheme | Library of Congress Classification |
| Koha item type | Long Loan Book |
| Withdrawn status | Lost status | Source of classification or shelving scheme | Damaged status | Not for loan | Collection | Home library | Current library | Shelving location | Date acquired | Inventory number | Total checkouts | Full call number | Barcode | Date last seen | Date last checked out | Copy number | Price effective from | Koha item type |
|---|---|---|---|---|---|---|---|---|---|---|---|---|---|---|---|---|---|---|
| Library of Congress Classification | Arts & Social Sciences | Kisii University Library | Kisii University Library | On Display | 07/22/2025 | 109320 | 1 | HV 6275 .B79 2016 | 000000024461 | 09/16/2025 | 09/04/2025 | 1 | 07/22/2025 | Long Loan Book | ||||
| Library of Congress Classification | Arts & Social Sciences | Kisii University Library | Kisii University Library | On Display | 07/22/2025 | 109321 | HV 6275 .B79 2016 | 000000024459 | 07/22/2025 | 2 | 07/22/2025 | Long Loan Book | ||||||
| Library of Congress Classification | Arts & Social Sciences | Kisii University Library | Kisii University Library | On Display | 07/22/2025 | 109322 | HV 6275 .B79 2016 | 000000024460 | 07/22/2025 | 3 | 07/22/2025 | Long Loan Book |